000 00930nam a2200253 a 4500
001 60390
003 BD-RjUL
005 20211209080831.0
008 161231s1983 bg a b 001 0 eng
035 _a(BD-RjUL)60514
040 _dCStRLIN
_dBD-RjUL
_aBD-RjUL
_beng
_cBD-RjUL
041 _aeng
082 0 _223
_a320.8095492
_bALD 1983
100 1 _aAli, Shaikh Maqsood.
_9179724
245 1 0 _aDecentralization and people's participation in Bangladesh /
_cShaikh Maqsood Ali, Muhammad Safiur Rahman and Kshanada Mohan Das.
260 _aDhaka :
_bNational Institute of Public Administration,
_c1983.
300 _avi, 614 p. :
_bill. ;
_c24 cm.
504 _aInclude bibliography and index.
650 0 _aDecentralization in government
_zBangladesh.
_9179725
650 0 _aPolitical participation
_zBangladesh.
_9179726
700 1 _aRahman, Muhammad Safiur.
_9179727
700 1 _aDas, Kshanada Mohan.
_9179728
942 _2ddc
_cBK
999 _c60390
_d60390